Statistics for Radiohead "Creep" Lyrics

Click here to take the quiz!

General Stats

  • This quiz has been taken 2,566 times
    (2,556 since last reset)
  • The average score is 52 of 64

Answer Stats

Answer% Correct
I
100%
A
99%
Creep
99%
I'm
98%
The
97%
Here
96%
Weirdo
95%
What
95%
You
95%
Am
94%
Belong
94%
Don't
94%
Hell
94%
Doing
93%
So
92%
But
91%
Special
90%
Very
90%
Your
90%
An
89%
In
89%
When
88%
Look
87%
Wish
87%
Me
86%
Was
86%
Eye
85%
Like
85%
You're
85%
Angel
84%
Makes
82%
Want
82%
Were
82%
Cry
81%
Skin
81%
To
81%
Just
80%
Want
80%
Beautiful
79%
Before
77%
Couldn't
77%
Feather
77%
Not
77%
To
77%
Perfect
76%
Body
75%
World
75%
Float
74%
Around
73%
Soul
73%
Notice
71%
Have
70%
Run
70%
Control
68%
She's
64%
It
63%
Running
63%
Care
61%
If
61%
Out
61%
Happy
60%
Whatever
60%
Hurts
58%
Again
31%

Score Distribution

Percentile by Number Answered

Percent of People with Each Score

Your Score History

You have not taken this quiz since the last reset